Töprengések a kelet-európai "forradalomról"
Elmentve itt :
| Szerző: | |
|---|---|
| Adatforrás: | Philobibl |
| Forrásdokumentuma: | BUKSZ 4 1992/2., 219-227. p. |
| Dokumentumtípus: | Cikk |
| Nyelv: | magyar |
| LEADER | 00292nab a2200097 c 4500 | ||
|---|---|---|---|
| 001 | bibDOK00003692 | ||
| 005 | 20200924115957.3 | ||
| 008 | 060518s1992 hu hun | ||
| 100 | 1 | |a Arató András | |
| 245 | 1 | 0 | |a Töprengések a kelet-európai "forradalomról" |c Arató András |
| 773 | 0 | |t BUKSZ 4 |g 1992/2., 219-227. p. | |